| 000 | 00716nam a2200253 a 4500 | ||
|---|---|---|---|
| 001 | BRCA_7202 | ||
| 005 | 20190320205740.0 | ||
| 008 | 160112s1927----gw-a######---#000-0#ger-# | ||
| 041 | _ager | ||
| 044 | _agw | ||
| 050 | 4 |
_aDT87.5 _b.C37 1927 |
|
| 100 | 1 |
_aCarter, Howard _d1874-1939 _917847 |
|
| 245 | 1 | 0 |
_aTut-ench-Amun _bein agyptisches Konigsgrab _cHoward Carter. |
| 250 | _a2a. ed. | ||
| 260 |
_aLeipzig _bBrockhans _c1927 |
||
| 300 |
_a1 v. _bil., láminas _c23 cm. |
||
| 500 | _aLa biblioteca cuenta con el v. 2 | ||
| 500 | _aP97 | ||
| 650 | 1 | 4 |
_aTutankamon, Rey de Egipto _ys. XIV A.C. _917848 |
| 650 | 1 | 4 |
_aArte _zEgipto _917756 |
| 651 | 4 |
_aEgipto _xAntiguedades _916621 |
|
| 902 | _aGFM | ||
| 942 |
_2lcc _cB |
||
| 999 |
_c6883 _d6883 |
||